000 01180nam a22003257a 4500
003 CHAP
005 20220329143836.0
008 121107s2010 mx a r 00010 spa d
010 _a102650
011 _a103622
020 _a9786074510300
035 _a114311
040 _cCHAP
082 0 4 _a378.098
_bF39
100 1 _aFernández Lamarra, Norberto.
_940220
245 1 0 _aHacia una nueva agenda de la educación superior en América Latina :
_bsituación y perspectivas
_c/por Norberto Fernández Lamarra
260 _aMéxico, D.F. :
_bANUIES,
_c2010
300 _a176 p. :
_bilus., cuadros
490 0 _aTemas de hoy en la educación superior
_v; 28
590 _aBATCH-UPD
_b10
_c20130110
_lUCH01
_h1643
590 _aBATCH-UPD
_b10
_c20130410
_lUCH01
_h1034
590 _aBATCH-UPD
_b10
_c20130914
_lUCH01
_h1247
590 _aCONVERSION
_b10
_c20130109
_lUCH01
_h1357
650 1 4 _aEducación superior
_xAmérica Latina.
_935605
650 1 4 _aPolítica educativa
_xAmérica Latina.
_990542
830 0 _aTemas de hoy en la educación superior
_v; 28
_9112147
901 _aBK
942 _cLIBRO
949 _a378.098 F39
_bBC
_cLIBRO
_d33724002319165
_eLIBRO
_h116174
_i114311
_sb
999 _c102650
_d102650